00411nam a2200145Ia 4500008004100000020001800041041000800059082001600067100002300083245008300106250000600189260003300195300001400228650002300242210716s2016 xx 000 0 und d a9780143427469 aeng a374.22 GOPR aGopalakrishnan, R. aWhen the penny drops: learning what's not taught.bLearning what's not taught. a1 aHaryanabPenguin Booksc2016 axviii,181 aGeneral Management